100 joueurs sud-coréens avec la plus grosse valeur marchande - Statistiques

Statistiques générales
  • Ce quiz a été pris 81 fois
  • Le résultat moyen est 43 sur 100
Statistiques - réponses
Club Prix Réponse % Correct
Tottenham 50 millions Heung-Min Son
97%
FC Seoul 700k Sung-Yueng Ki
95%
Paris SG 22 millions Kang-In Lee
88%
Daejeon Hana Citizen 550k Chang-Geun Lee
86%
Geoje Citizen 725k Chang-Min Lee
86%
Ulsan Hyundai 800k Gyu-Sung Lee
86%
FC Midtjylland 700k Han-Beom Lee
86%
Daejeon Hana Citzen 600k Hyeon-Sik Lee
86%
Wehen Wiesbaden 800k Hyun-Ju Lee
86%
Mayence 3 millions Jae-Sung Lee
86%
Daejeon Hana Citizen 550k Jin-Hyun Lee
86%
Daegu FC 650k Jin-Yong Lee
86%
Suwon Samsung Bluewings 650k Ki-Je Lee
86%
Incheon United 550k Myung-Joo Lee
86%
Busan IPark 550k Seung-Gi Lee
86%
FC Seoul 600k Seung-Mo Lee
86%
Suwon FC 650k Seung-Woo Lee
86%
Suwon FC 800k Yeong-Jae Lee
86%
Bayern Munich 60 millions Min-Jae Kim
84%
Suwon Samsung Bluewings 700k Bo-Kyung Kim
82%
Jeju United 600k Bong-Soo Kim
82%
Gangwon FC 850k Dae-Won Kim
82%
Gimcheon Sangmu 750k Dong-Hyeon Kim
82%
Jeju United 650k Dong-Jun Kim
82%
Jeju United 650k Geon-Ung Kim
82%
Pohang Steelers 550k In-Sung Kim
82%
Gimcheon Sangmu 650k Jin-Gyu Kim
82%
Daegu FC 800k Jin-Hyuk Kim
82%
Jeonbuk Hyundai Motors 600k Jin-Su Kim
82%
FC Seoul 600k Jin-Ya Kim
82%
FC Seoul 800k Ju-Sung Kim
82%
Daejeon Hana Citizen 750k Min-Duk Kim
82%
Buriram United 600k Min-Hyeok Kim
82%
Gimcheon Sangmu 650k Min-Jun Kim
82%
Al-Duhail 800k Moon-Hwan Kim
82%
Al-Shabab 900k Seung-Gyu Kim
82%
Ulsan Hyundai 800k Tae-Hwan Kim
82%
Gangwon FC 650k Young-Bin Kim
82%
Ulsan Hyundai 600k Young-Gwon Kim
82%
Wolves 18 millions Hee-Chan Hwang
46%
FC Seoul 550k Hyun-Soo Hwang
46%
Etoile Rouge Belgrade 4,5 millions In-Beom Hwang
46%
Norwich City 4,8 millions Ui-Jo Hwang
46%
Gimcheon Sangmu 600k Hyun-Moo Kang
39%
Beijing Guoan 900k Sang-Woo Kang
39%
Pohang Steelers 550k Chan-Yong Park
34%
Jeonbuk Hyundai Motors 800k Jin-Seob Park
34%
Wuhan Three Towns 800k Ji-Su Park
34%
Pohang Steelers 600k Seung-Wook Park
34%
Al-Ain 1 million Yong-Woo Park
34%
Pohang Steelers 600k Chang-Rae Ha
22%
FC Midtjylland 3 millions Gue-Sung Cho
20%
Gimcheon Sangmu 750k Young-Wook Cho
20%
Daejeon Hana Citizen 750k Yu-Min Cho
20%
Shonan Bellmare 1 million Bum-Keun Song
19%
Jeonbuk Hyundai Motors 1,3 millions Min-Kyu Song
19%
Stuttgart 3,5 millions Woo-Yeong Jeong
19%
Minnesota United 2,5 millions Sang-Bin Jeong
18%
Suwon Samsung Bluewings 800k Seung-Beom Ko
18%
Suwon Samsung Bluewings 600k Seung-Won Jeong
18%
Jeonbuk Hyundai Motors 900k Tae-Wook Jeong
18%
Jeonbuk Hyundai Motors 550k Woo-Jae Jeong
18%
Ulsan Hyundai 1,2 millions Hyeon-Woo Jo
15%
FC Seoul 1,3 millions Sang-Ho Na
15%
Celtic Glasgow 1,5 millions Hyeon-Jun Yang
14%
Suwon Samsung Bluewings 800k Chang-Hoon Kwon
12%
Gimcheon Sangmu 900k Du-Jae Won
12%
Celtic Glasgow 750k Hyeok-Kyu Kwon
12%
Celtic Glasgow 1,8 millions Hyeon-Gyu Oh
12%
KAA La Gantoise 7 millions Hyun-Seok Hong
12%
Gamba Osaka 700k Kyung-Won Kwon
12%
FC Seoul 550k Wan-Kyu Kwon
12%
Suwon Samsung Bluewings 550k Ho-Ik Jang
11%
(sans club) 700k Hyun-Soo Jang
11%
Jeonbuk Hyundai Motors 850k Jeong-Ho Hong
11%
Daegu FC 650k Jeong-Un Hong
11%
Gangwon FC 650k Il-Lok Yun
9%
Daegu FC 750k Jae-Hyun Go
9%
Gangwon FC 800k Kook-Young Han
9%
Jeonbuk Hyundai Motors 750k Kyo-Won Han
9%
Ulsan Hyundai 1,2 millions Yong-Woo Seol
9%
Suwon FC 800k Bit-Garam Yoon
8%
Gimcheon Sangmu 600k Jong-Gyu Yoon
8%
Jeonbuk Hyundai Motors 650k Seon-Min Moon
8%
Ulsan Hyundai 900k Seung-Hyun Jung
8%
Jeonbuk Hyundai Motors 750k Hyun-Brom Ahn
7%
(sans club) 600k Kyoung-Rok Choi
7%
Ulsan Hyundai 900k Min-Kyu Joo
7%
Jeonbuk Hyundai Motors 900k Seung-Ho Paik
7%
Yokohama F. Marinos 900k Tae-Hee Nam
7%
Jeju United 800k Young-Jun Choi
7%
Jeju United 650k Ja-Cheol Koo
5%
Pohang Steelers 550k Sung-Dong Baek
5%
Kyoto Sanga 600k Sung-Yun Gu
5%
Incheon United 700k Jin-Ho Shin
4%
Gwangju FC 650k Ji-Sung Eom
4%
Pohang Steelers 700k Young-Jun Goh
4%
Jeju United 550k Chang-Woo Rim
3%
Ulsan Hyundai 1,2 millions Won-Sang Um
3%
Pohang Steelers 650k Sang-Min Sim
1%
Aucun quiz correspondant
Distribution des résultats
% des personnes avec chaque résultat
Percentile par nombre de réponses
Votre historique - résultats
Vous n’avez pas pris ce quiz